(Registo nº 979)
[ vista simples ]
| 000 -Etiqueta do registo | |
|---|---|
| Cabeçalho | 00530nam0a2200241 i 4500 |
| 005 - Identificador da versão | |
| Campo de controlo | 20240813121820.0 |
| 010 ## - Número internacional normalizado dos livros (ISBN) | |
| Número (ISBN) | 9789892400983 |
| 021 ## - Número do Depósito Legal | |
| Código do país | PT |
| Número | 292886/09 |
| 035 ## - Other System Control Numbers | |
| System Control Number | 0001044 |
| System Control Number | 0001027 |
| 100 ## - Dados gerais de processamento | |
| Dados gerais de processamento | 20091210d b y0pory5003 ba |
| 102 ## - Pais de publicação ou produção | |
| País de publicação | Portugal |
| 101 0# - Língua de publicação | |
| Língua do texto, banda sonora, etc. | Português |
| Língua do documento no original | Português |
| 106 ## - Campo de dados codificados: material textual | |
| Dados codificados do material textual | r |
| 105 ## - Campo de dados codificados: livros | |
| Dados codificados dos livros | a z 001yy |
| 210 ## - Publicação, Distribuição, etc. | |
| Lugar da edição, distribuição, etc. | Sintra |
| Nome do editor, distribuidor, etc. | Euro Impala |
| Data da publicação, distribuição, etc. | 2009 |
| 304 ## - Notas relativas a título e menção de responsabilidade | |
| Texto da nota | Tít. orig.: |
| 675 ## - Classificação Decimal Universal (CDU) | |
| Notação | 82-93 |
| Edição | BN |
| Língua da edição | por |
| 942 ## - Elementos de entrada adicionados (Koha) | |
| Tipo de item no Koha | Livro |
| Situação do levantamento | Origin of item (home branch) (coded) | Biblioteca de empréstimo | Código de barras | Cota | Circulation type (not for loan) | Tipo de documento | Nota do exemplar | Damaged status |
|---|---|---|---|---|---|---|---|---|
| Biblioteca Escolar Eng. Nuno Mergulhão | Biblioteca Escolar Eng. Nuno Mergulhão | BENM1730 | 8POR | Livro | Sem mensagem |
